| 000 | 00542nam a2200229Ia 4500 | ||
|---|---|---|---|
| 003 | OSt | ||
| 005 | 20250814112804.0 | ||
| 008 | 210210b xxu||||| |||| 00| 0 eng d | ||
| 020 | _a9788125039914 | ||
| 040 | _cAL | ||
| 041 | _aeng | ||
| 082 | _a914.04 GHOW | ||
| 100 |
_aGhose Durgabati _9235495 |
||
| 245 |
_aWestward traveller _bPaschimjatriki |
||
| 260 | _bOrient BlackSwan | ||
| 300 | _axxiv,104p | ||
| 650 |
_aWestward _9235496 |
||
| 650 |
_atraveller _9235497 |
||
| 690 |
_aTravel _9235498 |
||
| 906 | _a065158 | ||
| 942 |
_2ddc _cBK |
||
| 999 |
_c143027 _d143027 |
||